International routes from Mumbai Shivaji International Airport (BOM) - Statistics

General Stats
  • This quiz has been taken 25 times
    10 since last reset
  • The average score is 111 of 118
Answer Stats
Airline International Route Country % Correct
Air Arabia Abu Dhabi | Air India | Air India Express | +2 others Abu Dhabi United Arab Emirates
100%
Ethiopian Airlines Addis Ababa Ethiopia
100%
Royal Jordanian Amman Jordan
100%
IndiGo | KLM Amsterdam Netherlands
100%
IndiGo Athens Greece
100%
Azerbaijan Airlines Baku Azerbaijan
100%
Nok Air | Thai Lion Air Bangkok-Don Mueang Thailand
100%
Air India | IndiGo | Thai Airways International | Thai Viet Jet Air Bangkok-Suvarnabhumi Thailand
100%
EgyptAir Cairo Egypt
100%
Air India | IndiGo | Sri Lankan Airlines Colombo Sri Lanka
100%
IndiGo | Scandinavian Airlines Copenhagen Denmark
100%
Air Tanzania Dar es Salaam Tanzania
100%
Air India | IndiGo Dhaka Bangladesh
100%
Air India | Akasa Air | IndiGo | Qatar Airways Doha Qatar
100%
Air India | Emirates | FlyDubai | +2 others Dubai-International United Arab Emirates
100%
Air India | Lufthansa Frankfurt Germany
100%
VietJet Air Hanoi Vietnam
100%
VietJet Air Ho Chi Minh City Vietnam
100%
Cathay Pacific Hong Kong China
100%
IndiGo | Turkish Airlines Istanbul Turkiye
100%
IndiGo Jakarta-Soekarno Hatta Indonesia
100%
IndiGo | Nepal Airlines Kathmandu Nepal
100%
Batik Air Malaysia | Malaysia Airlines Kuala Lumpur-International Malaysia
100%
Air India | Air India Express | IndiGo | +2 others Kuwait City Kuwait
100%
Air Canada | Air India | British Airways | +2 others London-Heathrow United Kingdom
100%
IndiGo Male Maldives
100%
Gulf Air | IndiGo Manama Bahrain
100%
Air India | Air India Express | IndiGo | +2 others Muscat Oman
100%
IndiGo | Kenya Airways Nairobi-Jomo Kenyatta Kenya
100%
Air India New York-JFK United States of America
100%
Air France Paris-Charles de Gaulle France
100%
Bhutan Airlines Paro Bhutan
100%
Akasa Air | IndiGo | Spicejet | Thai Viet Jet Air Phuket Thailand
100%
IndiGo Ras Al Khaimah United Arab Emirates
100%
Flynas | IndiGo Riyadh Saudi Arabia
100%
Air Arabia | Air India Express | IndiGo Sharjah United Arab Emirates
100%
Air India | IndiGo | Singapore Airlines Singapore Singapore
100%
IndiGo Tbilisi Georgia
100%
Iran Air Tehran-Imam Khomeini Iran
100%
Air India Tokyo-Haneda Japan
100%
All Nippon Airways Tokyo-Narita Japan
100%
LOT Polish Airlines Warsaw-Chopin Poland
100%
Swiss International Airlines Zurich Switzerland
100%
Air Astana | IndiGo Almaty Kazakhstan
86%
Iraqi Airways Baghdad Iraq
86%
Air India | Air India Express | Flynas | IndiGo Damman/Dammam Saudi Arabia
86%
Air India | Flynas | IndiGo | Saudia Jeddah Saudi Arabia
86%
IndiGo Manchester United Kingdom
86%
Air India Melbourne Australia
86%
Lufthansa Munich Germany
86%
Air India Newark United States of America
86%
Uzbekistan Airways Tashkent Uzbekistan
86%
Air Canada Toronto-Pearson Canada
86%
Uganda Airlines Entebbe Uganda
71%
Air Peace Lagos Nigeria
71%
Air Seychelles Mahe Seychelles
71%
Saudia Medina Saudi Arabia
71%
Air India | Air Mauritius Port Louis Mauritius
71%
Yemenia Sana'a Yemen
71%
Yemenia Aden Yemen
57%
Iraqi Airways | Spicejet Al Najaf Iraq
43%
IndiGo Fujairah United Arab Emirates
43%
IndiGo Krabi Malaysia
29%
No matching quizzes found
Score Distribution
Percent of People with Each Score
Percentile by Number Answered
Your Score History
You have not taken this quiz since the last reset